No more guessing (Record no. 74389)
[ view plain ]
| 000 -LEADER | |
|---|---|
| fixed length control field | 01253cab a2200229 4500 |
| 001 - CONTROL NUMBER | |
| control field | ABS67765 |
| 008 - FIXED-LENGTH DATA ELEMENTS--GENERAL INFORMATION | |
| fixed length control field | 040506n2004 000 0 eng u |
| 035 ## - SYSTEM CONTROL NUMBER | |
| System control number | (Sirsi) u126114 |
| 100 ## - MAIN ENTRY--PERSONAL NAME | |
| Personal name | Wilkinson, P. |
| 245 ## - TITLE STATEMENT | |
| Title | No more guessing |
| 260 ## - PUBLICATION, DISTRIBUTION, ETC. | |
| Date of publication, distribution, etc. | 2004 |
| 490 ## - SERIES STATEMENT | |
| Series statement | Premises and Facilities Management |
| Volume/sequential designation | April 2004 29-30(2) |
| 520 ## - SUMMARY, ETC. | |
| Summary, etc. | Discusses an important new development in project planning which makes a successful outcome to an assignment more likely. A new piece of software, PlanWeaver can be used on its own as a planning tool but is more productively used in conjunction with a project management or scheduling system. This provides a higher and more accurate level of planning than previous systems. This is achieved by using the web for virtually real time operations which improves team awareness and any task problems encountered and risks discovered are explicitly stated. This enables time and cost savings to be made which can be transferred to large or complex projects and should provide a rapid return on investment. |
| 590 ## - LOCAL NOTE (RLIN) | |
| Local note | ABS |
| 650 ## - SUBJECT ADDED ENTRY--TOPICAL TERM | |
| Topical term or geographic name entry element | NEW COMMISSIONS |
| 650 ## - SUBJECT ADDED ENTRY--TOPICAL TERM | |
| Topical term or geographic name entry element | SOFTWARE DESIGN |
| 650 ## - SUBJECT ADDED ENTRY--TOPICAL TERM | |
| Topical term or geographic name entry element | PLANNING STRATEGY |
| 650 ## - SUBJECT ADDED ENTRY--TOPICAL TERM | |
| Topical term or geographic name entry element | CAD |
| 650 ## - SUBJECT ADDED ENTRY--TOPICAL TERM | |
| Topical term or geographic name entry element | CAFM |
| 690 ## - LOCAL SUBJECT ADDED ENTRY--TOPICAL TERM (OCLC, RLIN) | |
| Topical term or geographic name as entry element | Project management |
| 9 (RLIN) | 6261 |
| 942 ## - ADDED ENTRY ELEMENTS (KOHA) | |
| Suppress in OPAC | 0 |
| Withdrawn status | Lost status | Source of classification or shelving scheme | Damaged status | Not for loan | Home library | Current library | Shelving location | Date acquired | Total Checkouts | Full call number | Barcode | Date last seen | Copy number | Price effective from | Koha item type |
|---|---|---|---|---|---|---|---|---|---|---|---|---|---|---|---|
| Dewey Decimal Classification | London | London | Journal article | 06/05/2004 | ABS67765 | 126114-1001 | 06/08/2019 | 1 | 06/08/2019 | Journal article |